02277nam a2200253Ia 450000500170000000800410001704000440005804100080010208200120011010000350012224201120015724500940026926001230036330000990048649000820058550005890066750400410125650505540129750600210185154600220187265000400189465000470193465000420198120170816103205.0130821s1875 au ad fr 1 ger d aCo-BoUCMbspacSandra YazodSandra Yazo0 ager04a6242201 aWinkler, E.q(Emil)d1835-188800aTeoría de los puentes.bFuerzas externas en las vigas rectas.cpor el Dr. E. WinkleryspapI Cuadernillo.10aTheorie der Brücken.bAeussere Kräfte gerader Träger.cvon Dr. E. WinklerpI. Heft. aWien [Viena] (Austria)bDruck und Verlag von Carl Gerold's Sohn [Impreso y publicado por el hijo de Carl Gerold]c1875 a[8], 232 páginas, [14] páginas de láminas.bTablas, gráficos y diagramas.c25 x 16 cm. 0aVorträge über Brückenbau [Lecciones sobre la construcción de puentes] aDetalles físicos: Encuadernación rígida (holandesa) en cartón forrado en papel, lomo en cuero azul, con nervaduras sobre costuras y adornos en dorado. Tapa delantera con nombre del autor en dorado. Guardas en papel de agua, en la delantera anotación manuscrita de donación. Hoja de cortesía. Anteportada con datos de la colección. Portada impresa en una sola tinta. Texto impreso en una sola columna con varios tipos y tamaños de letra. Párrafos numerados. Fórmulas, gráficos y cuadros entre el texto. Al final varias láminas, algunas a color. Papel manchado aIncluye referencias bibliográficas aPrólogos de las ediciones primera y segunda ; Introducción ; Soportes sencillos: Efecto de las cargas ; Cargas sencillas ; Influencia de las vigas transversales ; Portantes conjuntos -- Apoyos continuos: Estudio analítico dando por supuesta una sección transversal constante ; Estudio analítico dando por supuesta una sección transversal variable ; Estudio gráfico si se asume una sección transversal constante ; Estudio gráfico si se asume una sección transversal variable ; Apéndice ; Convenciones utilizadas ; Fe de erratas  aConsulta en sala aTexto en alemán 7aConstrucción de puentesvManuales 7aTeoría de las estructuras (Ingeniería) 7aPuentesxEnsayos, conferencias, etc.